[Event "M.Chigorin Memorial 2017 "]
[Site "?????-?????????"]
[Date "2017.10.29"]
[Round "9"]
[Board "96"]
[White "Zhou, Guijue"]
[Black "Savinov, Leonid"]
[Result "1-0"]
[WhiteElo "2179"]
[BlackElo "2035"]
[PlyCount "97"]
[EventDate "2017.10.21"]
[EventRounds "9"]
[EventCountry "RUS"]

1. e4 c5 2. Nf3 d6 3. d4 cxd4 4. Nxd4 Nf6 5. Nc3 g6 6. g3 Bg7 7. Bg2 O-O 8. O-O
Nc6 9. Nde2 Bd7 10. h3 h5 11. Be3 Qc7 12. Qd2 Kh7 13. Rad1 Ne5 14. b3 Bxh3 15.
f4 Bxg2 16. Kxg2 Neg4 17. Bd4 Qc6 18. Qd3 e5 19. Bg1 exf4 20. gxf4 Ne8 21. Nd5
f5 22. exf5 Nef6 23. fxg6+ Kh8 24. c4 Rae8 25. Nd4 Qd7 26. Nxf6 Nxf6 27. f5 Re4
28. Rf3 Rfe8 29. Ne6 Rg4+ 30. Kf1 Rxe6 31. fxe6 Qxe6 32. Qxd6 Qe4 33. Qd8+ Ng8
34. Qd3 Qc6 35. Qf5 Rxg6 36. Qxh5+ Rh6 37. Qf7 Rf6 38. Rxf6 Nxf6 39. Rd3 Qe4
40. Rh3+ Nh7 41. Qd5 Qb1+ 42. Kg2 Qg6+ 43. Kh1 Qc6 44. Qxc6 bxc6 45. Bxa7 Kg8
46. Rxh7 Kxh7 47. Bb6 Kg6 48. a4 Kf7 49. a5  1-0

[Event "M.Chigorin Memorial 2017 "]
[Site "?????-?????????"]
[Date "2017.10.29"]
[Round "9"]
[Board "97"]
[White "Chekletsov, Egor"]
[Black "Komov, Roman"]
[Result "1-0"]
[WhiteElo "1970"]
[BlackElo "2168"]
[PlyCount "119"]
[EventDate "2017.10.21"]
[EventRounds "9"]
[EventCountry "RUS"]

1. d4 g6 2. e4 c6 3. Bd3 d5 4. e5 h5 5. Ne2 Nh6 6. c3 Bg7 7. Nf4 Nf5 8. O-O e6
9. Nh3 Nd7 10. Re1 Ne7 11. Bg5 Bh6 12. Bxh6 Rxh6 13. Qd2 Rh8 14. Qf4 Nf5 15.
Nd2 Qh4 16. Bxf5 Qxf4 17. Nxf4 gxf5 18. Re3 c5 19. Rh3 h4 20. Nf3 b6 21. Nxh4
Kd8 22. Nf3 Rxh3 23. Nxh3 Ba6 24. Nf4 cxd4 25. cxd4 Rc8 26. h4 Ke7 27. h5 Rc2
28. h6 Nf8 29. Ng5 Rxb2 30. h7 Nxh7 31. Nxh7 Bc4 32. a3 Rd2 33. Ng5 Rxd4 34. g3
Rd2 35. Nf3 Rb2 36. Kg2 a5 37. Rh1 Ra2 38. Rh7 Rxa3 39. Ng5 d4 40. Rxf7+ Ke8
41. Rc7 Rc3 42. Ngxe6 d3 43. Ng7+ Kf8 44. Ng6+ Kg8 45. Ne7+ Kh7 46. Ngxf5 Rc1
47. Ne3 b5 48. N7d5+ Kh6 49. Nf4 d2 50. Rd7 b4 51. Rxd2 a4 52. e6 a3 53. e7 Bb5
54. Nf5+ Kh7 55. Nd4 Ba4 56. Nd5 Rb1 57. e8=Q Bxe8 58. Nf6+ Kh8 59. Nxe8 Rb2
60. Rd1  1-0

[Event "M.Chigorin Memorial 2017 "]
[Site "?????-?????????"]
[Date "2017.10.29"]
[Round "9"]
[Board "98"]
[White "Strybuk, Artsiom I"]
[Black "Garanin, Aleksei"]
[Result "1-0"]
[WhiteElo "1834"]
[BlackElo "2145"]
[PlyCount "45"]
[EventDate "2017.10.21"]
[EventRounds "9"]
[EventCountry "RUS"]

1. e4 c5 2. Nf3 d6 3. d4 cxd4 4. Nxd4 Nf6 5. Nc3 a6 6. Be2 e5 7. Nb3 Be6 8. O-O
Be7 9. Re1 O-O 10. Bf3 Nbd7 11. a4 Nb6 12. Nd2 Rc8 13. Nf1 Qc7 14. h3 Rfd8 15.
Ne3 g6 16. g4 Qc5 17. g5 Ne8 18. a5 Nc4 19. Ned5 Bf8 20. b3 Nxa5 21. Be3 Qc6
22. Bb6 Nxb3 23. cxb3  1-0

[Event "M.Chigorin Memorial 2017 "]
[Site "?????-?????????"]
[Date "2017.10.29"]
[Round "9"]
[Board "99"]
[White "Shoshin, Kirill"]
[Black "Ivanov, Platon-Jaan"]
[Result "1/2-1/2"]
[WhiteElo "1831"]
[BlackElo "2134"]
[PlyCount "57"]
[EventDate "2017.10.21"]
[EventRounds "9"]
[EventCountry "RUS"]

1. d4 d5 2. c4 c6 3. e3 Nf6 4. Nc3 a6 5. Bd3 b5 6. b3 g6 7. h3 Bg7 8. Nf3 O-O
9. O-O Nbd7 10. Bb2 Bb7 11. Qe2 bxc4 12. bxc4 c5 13. Rfd1 cxd4 14. exd4 dxc4
15. Bxc4 Nb6 16. Bb3 a5 17. Ba3 a4 18. Bxe7 Qc8 19. Bxf8 Kxf8 20. Nxa4 Nxa4 21.
Rac1 Qe8 22. Ne5 Nd5 23. Qd2 Kg8 24. Kh1 Kh8 25. Kg1 Kg8 26. Kh1 Kh8 27. Kg1
Kg8 28. Kh1 Kh8 29. Kg1  1/2-1/2

[Event "M.Chigorin Memorial 2017 "]
[Site "?????-?????????"]
[Date "2017.10.29"]
[Round "9"]
[Board "100"]
[White "Shirshov, Nikolay"]
[Black "Gordon, Evgeny"]
[Result "1/2-1/2"]
[WhiteElo "2134"]
[BlackElo "1990"]
[PlyCount "128"]
[EventDate "2017.10.21"]
[EventRounds "9"]
[EventCountry "RUS"]

1. Nf3 d5 2. c4 e6 3. g3 Nf6 4. Bg2 Be7 5. O-O O-O 6. d4 dxc4 7. Ne5 c5 8. dxc5
Qc7 9. Nxc4 Rd8 10. Qb3 Bxc5 11. Bf4 Qe7 12. Nba3 Nd5 13. Be5 Nc6 14. Rad1 Nxe5
15. Nxe5 f6 16. e4 Nb6 17. Nd3 Bxa3 18. bxa3 Bd7 19. Nf4 Ba4 20. Rxd8+ Rxd8 21.
Qe3 g5 22. Nh3 h6 23. f4 Bb5 24. Re1 Rd3 25. Qe2 Qc5+ 26. Kh1 Qc3 27. Rf1 Nd7
28. Qh5 Nf8 29. fxg5 hxg5 30. Nxg5 Rd7 31. Rb1 Bd3 32. Rd1 fxg5 33. Qxg5+ Qg7
34. Qc1 Bb5 35. Re1 Bc6 36. Qf4 Rf7 37. Qe3 a6 38. Bf3 Qe5 39. Kg1 Rh7 40. Bd1
Rg7 41. Qf3 Rf7 42. Qg4+ Qg7 43. Qe2 Qf6 44. Qe3 Nd7 45. e5 Nxe5 46. Be2 Nf3+
47. Bxf3 Qxf3 48. Qg5+ Rg7 49. Qd8+ Qf8 50. Qd4 Bd5 51. Rc1 Bc6 52. Rf1 Qe7 53.
Qe5 Bd5 54. Qb8+ Kh7 55. Rf4 Qc5+ 56. Kf1 Qc1+ 57. Ke2 Bc4+ 58. Kf3 Qd1+ 59.
Kg2 Qd5+ 60. Kf2 Qd2+ 61. Kg1 Qd1+ 62. Kg2 Qd5+ 63. Kf2 Qc5+ 64. Kg2 Bd5+
 1/2-1/2

[Event "M.Chigorin Memorial 2017 "]
[Site "?????-?????????"]
[Date "2017.10.29"]
[Round "9"]
[Board "101"]
[White "Gimenez, Gregoire"]
[Black "Kamnev, Alexander"]
[Result "1-0"]
[WhiteElo "1711"]
[BlackElo "2132"]
[PlyCount "83"]
[EventDate "2017.10.21"]
[EventRounds "9"]
[EventCountry "RUS"]

1. d4 d5 2. Nf3 Nf6 3. c4 e6 4. g3 Bb4+ 5. Bd2 Be7 6. Bg2 O-O 7. O-O c6 8. Bg5
b6 9. Nc3 Bb7 10. Rc1 Nbd7 11. Ne5 Nxe5 12. dxe5 Nd7 13. Bxe7 Qxe7 14. f4 Ba6
15. cxd5 cxd5 16. Re1 Qb4 17. Bxd5 Rad8 18. Bg2 Nxe5 19. Qa4 Qxa4 20. Nxa4 Nc4
21. b3 Ne3 22. Rc7 Nxg2 23. Kxg2 Ra8 24. Kf2 Rfc8 25. Rec1 Kf8 26. e4 e5 27.
Rxc8+ Bxc8 28. Rc7 exf4 29. gxf4 Ke8 30. Nc3 Bd7 31. Nd5 Kd8 32. f5 b5 33. Ke3
a5 34. Rxd7+ Kxd7 35. Nb6+ Kc7 36. Nxa8+ Kb7 37. e5 a4 38. bxa4 bxa4 39. e6
fxe6 40. fxe6 Kc6 41. e7 Kd7 42. Nb6+  1-0

[Event "M.Chigorin Memorial 2017 "]
[Site "?????-?????????"]
[Date "2017.10.29"]
[Round "9"]
[Board "102"]
[White "Sakorenko, Adriana"]
[Black "Gagare, Shalmali"]
[Result "1-0"]
[WhiteElo "2127"]
[BlackElo "2013"]
[PlyCount "101"]
[EventDate "2017.10.21"]
[EventRounds "9"]
[EventCountry "RUS"]

1. Nf3 Nf6 2. g3 d5 3. Bg2 Bf5 4. d3 Nbd7 5. Nh4 Bg6 6. Nc3 c6 7. Nxg6 hxg6 8.
e4 dxe4 9. Nxe4 Nxe4 10. Bxe4 Nf6 11. Bg2 e6 12. Qe2 Be7 13. Bd2 Nd5 14. c3 Qb6
15. O-O-O O-O-O 16. d4 Nf6 17. h4 Kb8 18. Kb1 Ka8 19. Be3 Nd5 20. Bxd5 cxd5 21.
Qf3 Rd7 22. h5 gxh5 23. Rxh5 Rxh5 24. Qxh5 g6 25. Qf3 Bd6 26. Rh1 Qc7 27. Rh8+
Rd8 28. Rxd8+ Qxd8 29. Qxf7 g5 30. Qxe6 Be7 31. f4 gxf4 32. gxf4 a6 33. f5 Bh4
34. Bf4 Bg5 35. Bxg5 Qxg5 36. Qxd5 Qg1+ 37. Kc2 Qf1 38. a3 Qe2+ 39. Kb3 Qd1+
40. Ka2 Qf1 41. Qe6 Ka7 42. f6 a5 43. a4 Qd1 44. Qc4 Qf3 45. f7 Kb8 46. Qe6 Ka7
47. Qe7 Qd5+ 48. Ka3 Qh1 49. Qc5+ b6 50. Qc7+ Ka6 51. Qc4+  1-0

[Event "M.Chigorin Memorial 2017 "]
[Site "?????-?????????"]
[Date "2017.10.29"]
[Round "9"]
[Board "103"]
[White "Chukavin, Kirill"]
[Black "Shadunts, Kirill"]
[Result "0-1"]
[WhiteElo "2256"]
[BlackElo "1845"]
[PlyCount "68"]
[EventDate "2017.10.21"]
[EventRounds "9"]
[EventCountry "RUS"]

1. e4 e6 2. d4 d5 3. Nd2 c5 4. exd5 Qxd5 5. Ngf3 cxd4 6. Bc4 Qd6 7. O-O Nf6 8.
Nb3 Nc6 9. Nbxd4 Nxd4 10. Nxd4 Qc7 11. Bb3 Bd7 12. Qf3 Bd6 13. h3 h6 14. Re1
O-O-O 15. c4 Qa5 16. Be3 Bc7 17. Rac1 Kb8 18. Bc2 e5 19. Nb3 Qb4 20. Bc5 Qxc4
21. Be4 Qb5 22. a4 Qa6 23. Be7 Nxe4 24. Bxd8 Rxd8 25. Qxe4 f5 26. Qe3 Qg6 27.
Red1 f4 28. Qc5 Bc6 29. g4 fxg3 30. Rxd8+ Bxd8 31. Qe3 gxf2+ 32. Kxf2 Qg2+ 33.
Ke1 Bh4+ 34. Kd1 Bf3+  0-1

[Event "M.Chigorin Memorial 2017 "]
[Site "?????-?????????"]
[Date "2017.10.29"]
[Round "9"]
[Board "105"]
[White "Dmitriev, Vladimir"]
[Black "Makarian, Rudik"]
[Result "0-1"]
[WhiteElo "2013"]
[BlackElo "2263"]
[PlyCount "58"]
[EventDate "2017.10.21"]
[EventRounds "9"]
[EventCountry "RUS"]

1. e4 d6 2. Nc3 Nf6 3. g3 e5 4. Bg2 Be7 5. Nge2 O-O 6. O-O c6 7. d4 Nbd7 8. h3
b5 9. a3 Re8 10. Kh2 Bb7 11. d5 a6 12. g4 h6 13. Ng3 cxd5 14. exd5 Rc8 15. Nf5
Nb6 16. Bxh6 gxh6 17. Nxh6+ Kg7 18. g5 Nh7 19. Qh5 Bxg5 20. Qxf7+ Kxh6 21. Be4
Nf8 22. f4 exf4 23. Bf3 Bh4 24. Qh5+ Kg7 25. Rg1+ Bg3+ 26. Kh1 Re5 27. Rxg3+
fxg3 28. Qg4+ Qg5 29. Qd4 Qe3  0-1

[Event "M.Chigorin Memorial 2017 "]
[Site "?????-?????????"]
[Date "2017.10.29"]
[Round "9"]
[Board "106"]
[White "Chernyak, Viktoria"]
[Black "Tsapalin, Sergey"]
[Result "1/2-1/2"]
[WhiteElo "2236"]
[BlackElo "2016"]
[PlyCount "81"]
[EventDate "2017.10.21"]
[EventRounds "9"]
[EventCountry "RUS"]

1. Nf3 f5 2. g3 Nf6 3. c4 g6 4. Bg2 Bg7 5. O-O d6 6. d4 O-O 7. Nc3 Nc6 8. Qc2
e5 9. dxe5 dxe5 10. Rd1 Qe7 11. Bg5 Be6 12. Nd5 Qf7 13. Qb3 Rab8 14. Rac1 e4
15. Nd4 Nxd4 16. Rxd4 c6 17. Nf4 h6 18. Nxe6 Qxe6 19. Bf4 Rbd8 20. Rxd8 Rxd8
21. Qxb7 Rd7 22. Qb3 g5 23. Be3 Ng4 24. Bxa7 Kh7 25. h3 Rxa7 26. hxg4 f4 27.
Rd1 Re7 28. c5 Qxb3 29. axb3 Bxb2 30. Rd6 fxg3 31. fxg3 Re5 32. Rxc6 Bd4+ 33.
Kf1 Bxc5 34. Bxe4+ Rxe4 35. Rxc5 Rxg4 36. Kf2 Rb4 37. Rc3 Kg6 38. Rd3 h5 39.
Ke1 Kf5 40. Rf3+ Kg4 41. Kf2  1/2-1/2

[Event "M.Chigorin Memorial 2017 "]
[Site "?????-?????????"]
[Date "2017.10.29"]
[Round "9"]
[Board "107"]
[White "Dushin, Nikolay"]
[Black "Nasibullin, Iskander"]
[Result "0-1"]
[WhiteElo "1956"]
[BlackElo "2234"]
[PlyCount "84"]
[EventDate "2017.10.21"]
[EventRounds "9"]
[EventCountry "RUS"]

1. d4 Nf6 2. Nf3 e6 3. e3 b6 4. Be2 Bb7 5. O-O Be7 6. a4 O-O 7. a5 a6 8. Nbd2
d5 9. Ne5 Nbd7 10. f4 Ne4 11. Nxd7 Qxd7 12. Nxe4 dxe4 13. axb6 cxb6 14. c4 a5
15. b3 Bb4 16. Bb2 f5 17. g4 Qe7 18. Rf2 Rad8 19. Rg2 e5 20. gxf5 exd4 21. exd4
Rxf5 22. d5 Rf7 23. Bh5 Bc5+ 24. Kh1 Rxf4 25. Bxg7 Qxg7 26. Rxg7+ Kxg7 27. Ra2
Rdf8 28. Rg2+ Kh6 29. Be2 Bc8 30. Rg3 R8f6 31. Qd2 Bd7 32. h3 Be8 33. Rg4 e3
34. Qc3 Bg6 35. Qe5 R4f5 36. Qg3 Rf2 37. Rh4+ Kg7 38. Qe5 Kf7 39. Qc7+ Be7 40.
Bh5 Rf1+ 41. Kh2 R6f2+ 42. Kg3 Rg1#  0-1

[Event "M.Chigorin Memorial 2017 "]
[Site "?????-?????????"]
[Date "2017.10.29"]
[Round "9"]
[Board "108"]
[White "Shpartko, Grigory"]
[Black "Kuznetsov, Roman"]
[Result "1-0"]
[WhiteElo "2216"]
[BlackElo "2004"]
[PlyCount "95"]
[EventDate "2017.10.21"]
[EventRounds "9"]
[EventCountry "RUS"]

1. d4 Nf6 2. Nf3 d6 3. Bf4 g6 4. c3 Bg7 5. g3 Nbd7 6. Bg2 c6 7. Na3 Nb6 8. Qc1
h6 9. h4 Be6 10. c4 Rc8 11. O-O Qd7 12. Re1 Bh3 13. e4 Bxg2 14. Kxg2 Nh5 15.
Bd2 g5 16. e5 dxe5 17. dxe5 gxh4 18. Nxh4 Rd8 19. Bc3 Qg4 20. Qe3 Rg8 21. Qf3
Bf8 22. Qxg4 Rxg4 23. Kh3 Rg8 24. Nf5 e6 25. Nd6+ Bxd6 26. exd6 c5 27. Rad1 Nc8
28. Re5 Ng7 29. Rxc5 Nb6 30. Rc7 Rd7 31. Bf6 Nh5 32. Bd4 Rg5 33. b4 Kd8 34.
Rxd7+ Kxd7 35. Be3 Rg8 36. Rd4 Nf6 37. Bxh6 Nc8 38. Bf4 Nh5 39. c5 f6 40. Bc1
a6 41. Rh4 Ng7 42. Rh7 Kc6 43. Bh6 Nf5 44. Bd2 b6 45. Rc7+ Kd5 46. d7 Nce7 47.
cxb6 Ke4 48. Rc3  1-0

[Event "M.Chigorin Memorial 2017 "]
[Site "?????-?????????"]
[Date "2017.10.29"]
[Round "9"]
[Board "109"]
[White "Efremov, Vladislav"]
[Black "Khokhlova, Daria"]
[Result "1/2-1/2"]
[WhiteElo "1953"]
[BlackElo "2207"]
[PlyCount "135"]
[EventDate "2017.10.21"]
[EventRounds "9"]
[EventCountry "RUS"]

1. d4 g6 2. c4 Bg7 3. Nc3 c5 4. d5 Bxc3+ 5. bxc3 Qa5 6. Qc2 f5 7. Bf4 d6 8. e3
Nf6 9. Bd3 Nbd7 10. Nf3 Nb6 11. Nd2 Bd7 12. f3 h6 13. Bg3 O-O-O 14. O-O Ba4 15.
Qb2 Qa6 16. Qa3 Nfxd5 17. e4 Ne3 18. Rfe1 f4 19. Bxf4 Nexc4 20. Nxc4 Nxc4 21.
Qc1 g5 22. Bg3 e5 23. Re2 Bd7 24. a4 Be6 25. Qb1 Rhe8 26. Qa2 Na5 27. Bxa6 Bxa2
28. Bxb7+ Kxb7 29. Rexa2 Kc7 30. Rb1 Rb8 31. Rab2 Nc4 32. Rxb8 Rxb8 33. Rxb8
Kxb8 34. Kf2 Kc7 35. Ke2 Kb6 36. Kd3 Nb2+ 37. Kc2 Nxa4 38. Kb3 Ka5 39. h4 Nb6
40. hxg5 hxg5 41. c4 Nd7 42. Be1+ Kb6 43. Bd2 g4 44. Bg5 gxf3 45. gxf3 Kc6 46.
f4 exf4 47. Bxf4 Nf8 48. Kc3 Ne6 49. Be3 Ng7 50. Bf4 Nh5 51. Bh2 Nf6 52. Kd3 a5
53. Bf4 Ng4 54. Bg3 a4 55. Be1 a3 56. Kc3 a2 57. Kb2 Ne3 58. Kxa2 Nxc4 59. Kb3
Ne5 60. Kc3 Kd7 61. Bg3 Ke6 62. Bh4 Kf7 63. Bg3 Ke6 64. Bh4 Nd7 65. Kc4 Nf8 66.
Bg3 Ng6 67. Kc3 Ne5 68. Bh4  1/2-1/2

[Event "M.Chigorin Memorial 2017 "]
[Site "?????-?????????"]
[Date "2017.10.29"]
[Round "9"]
[Board "110"]
[White "Klevets, Ksenia"]
[Black "Utiatskaja, Irina"]
[Result "0-1"]
[WhiteElo "1948"]
[BlackElo "2203"]
[PlyCount "58"]
[EventDate "2017.10.21"]
[EventRounds "9"]
[EventCountry "RUS"]

1. d4 Nf6 2. Nf3 d5 3. e3 g6 4. b3 Bg7 5. Bb2 O-O 6. Bd3 c5 7. Nbd2 cxd4 8.
exd4 Nh5 9. g3 Nc6 10. Be2 Qc7 11. O-O Rd8 12. a3 Nf6 13. Bd3 Bg4 14. Re1 Rac8
15. Rc1 Nh5 16. Be2 Qb6 17. Kg2 Nf6 18. Bd3 Ne4 19. h3 Nxd2 20. hxg4 Nxf3 21.
Qxf3 Bxd4 22. Bxd4 Qxd4 23. Rcd1 Qg7 24. c4 e6 25. cxd5 exd5 26. Bb5 Nd4 27.
Qd3 Ne6 28. Rc1 Rxc1 29. Rxc1 a6  0-1

[Event "M.Chigorin Memorial 2017 "]
[Site "?????-?????????"]
[Date "2017.10.29"]
[Round "9"]
[Board "111"]
[White "Ufimtsev, Egor"]
[Black "Atakishiyev, Elmar"]
[Result "1-0"]
[WhiteElo "2143"]
[BlackElo "1969"]
[PlyCount "61"]
[EventDate "2017.10.21"]
[EventRounds "9"]
[EventCountry "RUS"]

1. c4 e5 2. Nc3 Bb4 3. Qc2 Nf6 4. e3 O-O 5. Nge2 c6 6. d4 e4 7. Bd2 Bxc3 8.
Nxc3 d5 9. h3 Be6 10. Be2 Nbd7 11. O-O Rc8 12. Qb3 dxc4 13. Qxb7 Nb6 14. Qa6 c5
15. Nb5 Nfd5 16. dxc5 Rxc5 17. Nd4 Bc8 18. Qa3 Rc7 19. Nb5 Rd7 20. Rfd1 a6 21.
Nc3 Nxc3 22. Bxc3 Rxd1+ 23. Rxd1 Qg5 24. Qa5 Qg6 25. Bh5 Qe6 26. Bb4 Nd7 27.
Bxf8 Nxf8 28. Rd8 Bd7 29. Qc5 Be8 30. Bg4 Qc6 31. Qe7  1-0

[Event "M.Chigorin Memorial 2017 "]
[Site "?????-?????????"]
[Date "2017.10.29"]
[Round "9"]
[Board "112"]
[White "Lagashin, Pavel"]
[Black "Kundianok, Vladislav"]
[Result "0-1"]
[WhiteElo "2138"]
[BlackElo "1993"]
[PlyCount "110"]
[EventDate "2017.10.21"]
[EventRounds "9"]
[EventCountry "RUS"]

1. c4 Nf6 2. Nc3 e5 3. e3 d5 4. cxd5 Nxd5 5. Qc2 Be6 6. Nf3 Nc6 7. a3 a6 8. d4
exd4 9. exd4 Be7 10. Bd3 Bf6 11. Ne4 Bg4 12. Nxf6+ Nxf6 13. Be3 Qd5 14. O-O-O
O-O-O 15. Kb1 Kb8 16. Rc1 Be6 17. Bc4 Qxc4 18. Qxc4 Bxc4 19. Rxc4 Rhe8 20. Rhc1
Nd5 21. Bg5 f6 22. Bh4 Nb6 23. R4c2 Re4 24. Bg3 h6 25. Nd2 Rexd4 26. Nb3 Rd1
27. Nc5 Ne5 28. Bxe5 fxe5 29. Ne6 Rxc1+ 30. Kxc1 Rd7 31. Re2 Nc4 32. a4 b6 33.
Kc2 Re7 34. Nd4 Kb7 35. b3 Nd6 36. Nf3 e4 37. Nd2 c5 38. g4 Rf7 39. Nf1 Rf4 40.
h3 Nf7 41. Ng3 Ng5 42. Nh5 Rf7 43. h4 Ne6 44. Rxe4 Rxf2+ 45. Kc3 Rf3+ 46. Kc4
Nc7 47. a5 g6 48. Ng7 Kc6 49. axb6 Nb5 50. Re6+ Nd6+ 51. Rxd6+ Kxd6 52. Ne8+
Kc6 53. g5 Rf4+ 54. Kc3 Rxh4 55. gxh6 Rxh6  0-1

[Event "M.Chigorin Memorial 2017 "]
[Site "?????-?????????"]
[Date "2017.10.29"]
[Round "9"]
[Board "113"]
[White "Vorobyova, Valeriya"]
[Black "Bondarenko, Ivan"]
[Result "1/2-1/2"]
[WhiteElo "1945"]
[BlackElo "2131"]
[PlyCount "165"]
[EventDate "2017.10.21"]
[EventRounds "9"]
[EventCountry "RUS"]

1. e4 c5 2. Nf3 e6 3. d4 cxd4 4. Nxd4 Nc6 5. Nc3 d6 6. Be2 Nf6 7. O-O Be7 8.
Kh1 O-O 9. Be3 Bd7 10. Ndb5 Qb8 11. Bf4 Ne5 12. Bg3 a6 13. Nd4 Qc7 14. Nb3 b5
15. a3 Rfd8 16. Bxe5 dxe5 17. Bd3 Ne8 18. Qe2 Nd6 19. Rfd1 Rdc8 20. Nd2 Rab8
21. Na2 a5 22. b3 b4 23. a4 Nb7 24. Bc4 Ra8 25. Nc1 Nd8 26. Nf3 Nc6 27. Nd3 Rd8
28. Nb2 Bc5 29. Bd3 Bd4 30. Rab1 Bxb2 31. Rxb2 Nd4 32. Nxd4 exd4 33. Rbb1 e5
34. Rbc1 Bc8 35. Bc4 g6 36. f4 Ra7 37. fxe5 Qxe5 38. Rf1 Re7 39. Qf3 Be6 40.
Bd3 Kg7 41. h3 Rc8 42. Rcd1 Rd7 43. Rf2 Re7 44. Rdf1 Rc6 45. Kg1 Bc8 46. Qe2 f6
47. Bb5 Rd6 48. Bd3 Ra7 49. Rc1 Ba6 50. Kh1 Rc6 51. Rcf1 Bxd3 52. Qxd3 Re7 53.
Rf4 Ree6 54. Qd2 Rc3 55. Re1 Rec6 56. Rc1 Rxc2 57. Rxc2 Rxc2 58. Qxc2 Qxf4 59.
Qc6 Qf1+ 60. Kh2 d3 61. Qd7+ Kh6 62. Qd6 f5 63. exf5 Qxf5 64. Qd4 g5 65. Qd6+
Kg7 66. Qe7+ Kg6 67. Qd6+ Kf7 68. Qc7+ Ke8 69. Qb8+ Ke7 70. Qc7+ Qd7 71. Qe5+
Kd8 72. Qxg5+ Kc8 73. Qg8+ Kb7 74. Qf8 d2 75. Qf3+ Qc6 76. Qd3 Qc1 77. Qd5+ Kc7
78. Qe5+ Kc6 79. Qe6+ Kc7 80. Qe5+ Kc8 81. Qe6+ Kb8 82. Qb6+ Kc8 83. Qe6+
 1/2-1/2

[Event "M.Chigorin Memorial 2017 "]
[Site "?????-?????????"]
[Date "2017.10.29"]
[Round "9"]
[Board "114"]
[White "Krasovskiy, Sviatoslav"]
[Black "Natarov, Ilya"]
[Result "1/2-1/2"]
[WhiteElo "2128"]
[BlackElo "1961"]
[PlyCount "145"]
[EventDate "2017.10.21"]
[EventRounds "9"]
[EventCountry "RUS"]

1. c4 c6 2. Nc3 d5 3. cxd5 cxd5 4. d4 Nf6 5. Nf3 Nc6 6. Bf4 a6 7. e3 Bg4 8. Bd3
e6 9. h3 Bxf3 10. gxf3 Nh5 11. Bh2 Bd6 12. Bxd6 Qxd6 13. f4 g6 14. f5 O-O 15.
fxg6 fxg6 16. Qg4 Nb4 17. Bb1 Rae8 18. a3 Nc6 19. Rg1 Ng7 20. Ba2 b5 21. Rg2 b4
22. axb4 Nxb4 23. Bb1 e5 24. dxe5 Rxe5 25. Ne2 Nf5 26. Ra4 d4 27. Bxf5 Rexf5
28. Nxd4 Nd3+ 29. Ke2 Ne5 30. Qe4 R5f6 31. f4 Nd7 32. Rc4 Qb8 33. b3 Nb6 34.
Rc6 Re8 35. Qxe8+ Qxe8 36. Rxf6 Qe4 37. Kf2 Nd5 38. Re6 Qd3 39. f5 Nf4 40. exf4
Qxd4+ 41. Re3 Qxf4+ 42. Rf3 Qd4+ 43. Kf1 Qd1+ 44. Kf2 Qd4+ 45. Kg3 Qe5+ 46. Kf2
Qd4+ 47. Re3 Qd2+ 48. Kf3 Qd5+ 49. Kg3 Qxf5 50. Rf2 Qg5+ 51. Kf3 Qf5+ 52. Ke2
Qc2+ 53. Kf3 Qf5+ 54. Kg2 Qg5+ 55. Rg3 Qd5+ 56. Kg1 Qd1+ 57. Kh2 Qd6 58. h4 Qd4
59. Rgf3 Qxh4+ 60. Kg2 Qe4 61. Kg3 Qe5+ 62. Kg2 Qd5 63. Kg3 Kg7 64. Re2 Qd6+
65. Kg2 h5 66. Rfe3 Qd5+ 67. Kh2 Kh6 68. Re6 Qxb3 69. Rxa6 Qb8+ 70. Kg1 Qg3+
71. Rg2 Qe3+ 72. Kh2 Qe5+ 73. Kg1  1/2-1/2

[Event "M.Chigorin Memorial 2017 "]
[Site "?????-?????????"]
[Date "2017.10.29"]
[Round "9"]
[Board "115"]
[White "Shkuratov, Vladimir"]
[Black "Paramzina, Anastasya"]
[Result "0-1"]
[WhiteElo "1887"]
[BlackElo "2123"]
[PlyCount "66"]
[EventDate "2017.10.21"]
[EventRounds "9"]
[EventCountry "RUS"]

1. e4 c5 2. Nf3 d6 3. d4 cxd4 4. Nxd4 Nf6 5. Nc3 a6 6. Bg5 Nbd7 7. f4 Qc7 8.
Qf3 h6 9. Bh4 g5 10. fxg5 hxg5 11. Bxg5 Qc5 12. Be3 Ne5 13. Qe2 Neg4 14. Bg1
Bh6 15. a3 Qa5 16. Nb3 Qh5 17. Qd3 Ne5 18. Qd1 Qg6 19. Qd4 Bf4 20. Nd2 Bg4 21.
Nc4 Rc8 22. Ne3 Nf3+ 23. gxf3 Bxf3 24. Qb6 Nxe4 25. Nxe4 Qxe4 26. Bd3 Qe5 27.
Bf2 Bxh1 28. Ke2 Rxh2 29. Rg1 Kf8 30. Rxh1 Qh5+ 31. Kd2 Rxh1 32. Be2 Qd5+ 33.
Bd3 Qf3  0-1

[Event "M.Chigorin Memorial 2017 "]
[Site "?????-?????????"]
[Date "2017.10.29"]
[Round "9"]
[Board "116"]
[White "Manush, Shah"]
[Black "Pavlov, Mark"]
[Result "1-0"]
[WhiteElo "2109"]
[BlackElo "1909"]
[PlyCount "89"]
[EventDate "2017.10.21"]
[EventRounds "9"]
[EventCountry "RUS"]

1. d4 Nf6 2. Nf3 d5 3. e3 c5 4. c4 cxd4 5. exd4 Nc6 6. Nc3 e6 7. Bg5 Be7 8. Be2
dxc4 9. Bxc4 O-O 10. O-O a6 11. a4 b6 12. Qd3 Bb7 13. Rfd1 Rc8 14. Qe2 Nb4 15.
Ne5 Nbd5 16. Bd2 Nxc3 17. bxc3 Ne4 18. Bxa6 Nxc3 19. Bxc3 Bxa6 20. Qxa6 Rxc3
21. Rab1 f6 22. Nc4 Qd5 23. Ne3 Qe4 24. Rxb6 e5 25. Re6 Ba3 26. h3 Bc1 27. Nf1
Qf5 28. Rc6 Rc2 29. Rxc2 Qxc2 30. Rd3 e4 31. Qe6+ Kh8 32. Qxe4 Qxa4 33. Qf3 h6
34. d5 Rd8 35. Ng3 Bf4 36. Qg4 Qb4 37. Rd1 Qb3 38. Nh5 Bg5 39. h4 g6 40. hxg5
gxh5 41. Qxh5 Rxd5 42. Qxh6+ Kg8 43. Qg6+ Kh8 44. Qxf6+ Kg8 45. Qe6+  1-0

[Event "M.Chigorin Memorial 2017 "]
[Site "?????-?????????"]
[Date "2017.10.29"]
[Round "9"]
[Board "117"]
[White "Krestin, Denis"]
[Black "Kamalidenova, Meruert"]
[Result "1-0"]
[WhiteElo "2107"]
[BlackElo "1897"]
[PlyCount "119"]
[EventDate "2017.10.21"]
[EventRounds "9"]
[EventCountry "RUS"]

1. e4 c5 2. Nc3 d6 3. f4 Nf6 4. Nf3 g6 5. Be2 Bg7 6. O-O O-O 7. d4 cxd4 8. Nxd4
Nc6 9. Nxc6 bxc6 10. Be3 Qc7 11. Kh1 Rb8 12. Rb1 Rd8 13. Qe1 d5 14. e5 Nd7 15.
Qf2 a5 16. Na4 Bf8 17. f5 gxf5 18. Qg3+ Bg7 19. Rxf5 Nf8 20. Rg5 Ng6 21. e6
Qxg3 22. exf7+ Kxf7 23. Rxg3 Be5 24. Rf3+ Kg8 25. Bb6 Rd7 26. Rb3 Rdb7 27. Bxa5
Bf5 28. Rxb7 Rxb7 29. Bd1 Bd4 30. Bc3 Be3 31. b3 Be4 32. Bf3 Bxc2 33. Re1 Ba7
34. Re6 Rc7 35. Rxc6 Rd7 36. Bg4 Rd6 37. Be6+ Rxe6 38. Rxe6 Be4 39. Nb6 Nf4 40.
Rxe4 dxe4 41. Bd4 Nd3 42. a3 Ne1 43. Bc5 Nc2 44. Nd7 Bxc5 45. Nxc5 e3 46. a4
Nb4 47. Kg1 Kf7 48. a5 Nc6 49. a6 e5 50. b4 Na7 51. Ne4 Ke7 52. Nc3 Kd6 53. Kf1
Kc6 54. Ke2 Kb6 55. b5 Nc8 56. Kxe3 Nd6 57. g4 h6 58. h4 Ne8 59. Ke4 Nf6+ 60.
Kf5  1-0

[Event "M.Chigorin Memorial 2017 "]
[Site "?????-?????????"]
[Date "2017.10.29"]
[Round "9"]
[Board "118"]
[White "Ivanov, Sergei V."]
[Black "Lystsov, Leonid"]
[Result "1/2-1/2"]
[WhiteElo "2103"]
[BlackElo "1866"]
[PlyCount "103"]
[EventDate "2017.10.21"]
[EventRounds "9"]
[EventCountry "RUS"]

1. e4 g6 2. d4 Bg7 3. Nc3 d6 4. Nf3 a6 5. Bc4 e6 6. O-O Nd7 7. Re1 Ne7 8. Bg5
h6 9. Bh4 g5 10. Bg3 Ng6 11. e5 d5 12. Bd3 O-O 13. Nxd5 exd5 14. e6 Nf6 15.
Bxg6 Bxe6 16. Rxe6 fxe6 17. Qe2 Ne4 18. Bxe4 dxe4 19. Qxe4 Qd5 20. Qe2 Qf5 21.
c3 c6 22. Re1 Rae8 23. Ne5 Bxe5 24. Bxe5 g4 25. Bg3 Qg6 26. Qc4 Rf7 27. h4 gxh3
28. gxh3 Qf6 29. Kh2 Kh7 30. h4 Qg6 31. Re3 Ref8 32. Qe2 Rf6 33. Re5 Qf7 34.
Kg2 Re8 35. Re3 Qd7 36. Qd3+ Kg8 37. Re4 Qd5 38. f3 Qf5 39. Qe3 Ref8 40. Rf4
Qc2+ 41. Kh3 Rxf4 42. Bxf4 Qf5+ 43. Kg3 Qg6+ 44. Kh3 Kh7 45. Be5 Qf5+ 46. Kg2
Rg8+ 47. Bg3 Qc2+ 48. Kh3 Qf5+ 49. Kg2 h5 50. a4 Qc2+ 51. Kh3 Qf5+ 52. Kg2
 1/2-1/2